Quiz di Cultura Generale - Statistics

Statistiche generali
  • Questo quiz è stato fatto 1.652 volte
  • Il punteggio medio è 4 su 10
Statistiche sulle risposte
Hint Risposta % Corretto
Quante nazioni iniziano con la Y? 1
98%
Fine ed inzio della prima guerra mondiale 1914 1918
75%
Verso dove pregano gli islamici? La Mecca
54%
Insieme di navi flotta
47%
Stato più piccolo del mondo Vaticano
42%
Capitale del Canada Ottawa
37%
Ogni paese ha questo dato, anche procapite PIL
37%
Isola più grande del mondo Groenlandia
31%
Quando Carlo Magno venne incoronato? 25 dicembre 800
17%
Federazione sorta nel 1929 iugoslavia
2%
Nessun quiz corrispondente trovato
Distribuzione punteggi
Percentuale di utenti per punteggio
Percentile per numero di risposta
I tuoi punteggi nel tempo
Non hai fatto questo quiz